000 00243nam a2200109Ia 4500
008 190216s9999||||xx |||||||||||||| ||und||
100 _aKishin Chandran
245 0 _aNamkadanmaran
260 _bNbs Kottayam
650 _aKathakal
942 _cBK
999 _c24852
_d24852